Capitali che iniziano con la D - Statistics

Statistiche generali
  • Questo quiz è stato fatto 126 volte
  • Il punteggio medio è 5 su 8
Statistiche sulle risposte
Popolazione (ab.) Continente Capitale % Corretto
554 554 Europa Dublino
85%
13 848 298 Asia Dacca
72%
2 079 000 Asia Damasco
71%
410 956 Africa Dodoma
63%
1 146 053 Africa Dakar
62%
263 305 Asia Dili
62%
863 400 Asia Dušanbe
59%
1 351 000 Asia Doha
50%
Nessun quiz corrispondente trovato
Distribuzione punteggi
Percentuale di utenti per punteggio
Percentile per numero di risposta
I tuoi punteggi nel tempo
Non hai fatto questo quiz